[Event "Junior Online 4NCL Division 5"]
[Site "online"]
[Date "2020.04.30"]
[Round "3.186"]
[White "Brown, William"]
[Black "Johal, Amraya K"]
[Result "0-1"]
[WhiteElo "917"]
[BlackElo "1075"]
[PlyCount "72"]
[EventDate "2020.04.30"]
[WhiteTeam "Robin Hoods 6"]
[BlackTeam "Warwickshire Bears F"]

1. e4 e5 2. Nf3 Nc6 3. Nc3 Nf6 4. Bc4 Bb4 5. a3 Bxc3 6. dxc3 Nxe4 7. Nxe5 Nxe5
8. Bf4 Qf6 9. Qe2 Qxf4 10. g3 Qf6 11. Qxe4 O-O 12. f4 Nxc4 13. Qxc4 Re8+ 14.
Kf2 Qb6+ 15. Kf3 Qe3+ 16. Kg4 d5+ 17. Kh4 dxc4 18. Rae1 Qxe1 19. Rxe1 Rxe1 20.
b4 b5 21. f5 Rc1 22. g4 Rxc2 23. h3 Rxc3 24. Kh5 Rxa3 25. h4 c3 26. g5 Bxf5 27.
g6 fxg6+ 28. Kg5 c2 29. h5 c1=Q+ 30. Kh4 Qh1+ 31. Kg5 Rg3+ 32. Kf4 Rg2 33. Ke5
Qe1+ 34. Kf4 Rf2+ 35. Kg5 Qg1+ 36. Kh4 Rh2# 0-1

[Event "Junior Online 4NCL Division 5"]
[Site "online"]
[Date "2020.04.30"]
[Round "3.188"]
[White "Stoyanov, Boris"]
[Black "Pal, Rhea"]
[Result "1-0"]
[WhiteElo "857"]
[BlackElo "985"]
[PlyCount "111"]
[EventDate "2020.04.30"]
[WhiteTeam "Robin Hoods 6"]
[BlackTeam "Warwickshire Bears F"]

1. e4 e5 2. Nf3 Nc6 3. Bc4 Nf6 4. Nc3 Bc5 5. O-O O-O 6. d3 d6 7. Bg5 Bg4 8. h3
Bh5 9. g4 Bg6 10. h4 h6 11. h5 Bh7 12. Bh4 Qe7 13. Nd5 Qe6 14. Nxc7 Qxg4+ 15.
Bg3 Rac8 16. Nxe5 dxe5 17. Qxg4 Nxg4 18. Nd5 Rcd8 19. b4 Nxb4 20. c3 Nxd5 21.
exd5 Nf6 22. Bxe5 Nxh5 23. d4 Bd6 24. Bxd6 Rxd6 25. Rfe1 Rg6+ 26. Kf1 f6 27.
Rad1 Rd8 28. d6+ Kh8 29. Re7 Rxd6 30. Rde1 Bg8 31. Re8 f5 32. Rxg8+ Kh7 33.
Ree8 Ng3+ 34. Ke1 Rg4 35. fxg3 Rxg3 36. Kd2 f4 37. Bd3+ Rxd3+ 38. Kxd3 Rf6 39.
Ke2 f3+ 40. Kf2 h5 41. Rh8+ Kg6 42. Re3 Kg5 43. Rxf3 Rxf3+ 44. Kxf3 g6 45. Kg3
h4+ 46. Kh3 b6 47. Rxh4 Kf5 48. d5 Ke5 49. Rd4 g5 50. Kg4 Kf6 51. d6 Ke6 52. d7
Ke7 53. d8=Q+ Kf7 54. Rd6 b5 55. Qc7+ Ke8 56. Rd8# 1-0

[Event "Junior Online 4NCL Division 5"]
[Site "online"]
[Date "2020.04.30"]
[Round "3.191"]
[White "Skailes, Kit"]
[Black "Davies, Iris"]
[Result "0-1"]
[WhiteElo "1186"]
[BlackElo "1457"]
[PlyCount "96"]
[EventDate "2020.04.30"]
[WhiteTeam "Monmouth Marauders"]
[BlackTeam "KJCA Young Kestrels E"]

1. d4 d5 2. c4 dxc4 3. e4 c5 4. Nf3 Nc6 5. Bxc4 Bg4 6. Be3 cxd4 7. Bxd4 Bxf3 8.
gxf3 Nxd4 9. O-O Nf6 10. Qa4+ Nc6 11. Nc3 e6 12. Bb5 Qc7 13. Rad1 Bd6 14. Bxc6+
bxc6 15. Rxd6 Qxd6 16. e5 Qxe5 17. Qxc6+ Ke7 18. Qb7+ Nd7 19. Rd1 Qg5+ 20. Kf1
Rhd8 21. Rxd7+ Rxd7 22. Qxa8 Qc1+ 23. Kg2 Qxb2 24. Qc6 Qd2 25. Ne4 Qd5 26. Qc5+
Qxc5 27. Nxc5 Rd2 28. a4 Ra2 29. Kg3 Kd6 30. Nb7+ Kc6 31. Nd8+ Kb6 32. Nxf7
Rxa4 33. f4 a5 34. h4 Ra3+ 35. Kg4 a4 36. Ne5 Rc3 37. h5 a3 38. Nd7+ Kb5 39. h6
gxh6 40. Kh5 a2 41. Nf8 a1=Q 42. Nxe6 Qh1+ 43. Kg4 Qg2+ 44. Kf5 Qd5+ 45. Kf6
Rc6 46. f5 Qd4+ 47. Kf7 Qe5 48. f3 Qxf5+ 0-1

[Event "Junior Online 4NCL Division 5"]
[Site "online"]
[Date "2020.04.30"]
[Round "3.193"]
[White "Skailes, Robin"]
[Black "Allen, George"]
[Result "0-1"]
[WhiteElo "1100"]
[BlackElo "1382"]
[PlyCount "130"]
[EventDate "2020.04.30"]
[WhiteTeam "Monmouth Marauders"]
[BlackTeam "KJCA Young Kestrels E"]

1. e4 e5 2. Nf3 Nc6 3. Bb5 Bc5 4. Bxc6 dxc6 5. Nxe5 Qd4 6. Nd3 Qxe4+ 7. Qe2
Qxe2+ 8. Kxe2 Bd6 9. Nc3 Nf6 10. Re1 O-O 11. Kf1 Bf5 12. b3 Bxd3+ 13. cxd3 Rfe8
14. Rxe8+ Rxe8 15. Bb2 Be5 16. Re1 h6 17. d4 Bxd4 18. Rxe8+ Nxe8 19. Ba3 b5 20.
Ne2 Bf6 21. Bc5 a5 22. Nf4 g5 23. Nh5 Bb2 24. g3 Bc1 25. Be3 Kh7 26. g4 Kg6 27.
f4 f5 28. fxg5 hxg5 29. Ke1 fxg4 30. Ng3 Ba3 31. Ne4 Be7 32. Nf2 Kf5 33. Nd3
Bd6 34. Bg1 Ke4 35. Nf2+ Kf4 36. Ke2 Ng7 37. Nd3+ Kf5 38. Ke3 Ne6 39. Nf2 Bc5+
40. Ke2 Nf4+ 41. Kd1 b4 42. d3 Nxd3 43. Ke2 Nf4+ 44. Kf1 Bb6 45. Nd1 Bxg1 46.
Kxg1 Nh3+ 47. Kg2 Kf4 48. Nb2 Ke3 49. Nc4+ Ke2 50. Nxa5 c5 51. Nc6 Kd2 52. Ne5
Kc2 53. Nc4 Kb1 54. a3 Ka2 55. axb4 cxb4 56. Ne3 Kxb3 57. Nxg4 Ka2 58. Kxh3 b3
59. Ne3 b2 60. Nd5 b1=Q 61. Nxc7 Qh7+ 62. Kg4 Qxc7 63. Kxg5 Qxh2 64. Kf5 Qh4
65. Ke5 Qg4 0-1

[Event "Junior Online 4NCL Division 5"]
[Site "online"]
[Date "2020.04.30"]
[Round "3.194"]
[White "Oprea, Lucas"]
[Black "Swartz, Edward RG"]
[Result "0-1"]
[WhiteElo "1262"]
[BlackElo "1013"]
[PlyCount "50"]
[EventDate "2020.04.30"]
[WhiteTeam "KJCA Young Kestrels E"]
[BlackTeam "Monmouth Marauders"]

1. e4 c5 2. Nf3 Nc6 3. Nc3 e5 4. Bc4 h6 5. d3 Nf6 6. Nd5 a6 7. Nxf6+ Qxf6 8.
Bd5 Nb4 9. Bd2 Nxd5 10. exd5 d6 11. O-O Be7 12. c3 O-O 13. d4 cxd4 14. cxd4 e4
15. Ne1 Qg6 16. Qc1 Qf5 17. f3 Qxd5 18. fxe4 Qxd4+ 19. Be3 Qxe4 20. Rf4 Qe5 21.
Bd4 Qe6 22. Qd1 Bf6 23. Bxf6 Qe3+ 24. Kh1 Qxf4 25. Bc3 Qf1# 0-1

[Event "Junior Online 4NCL Division 5"]
[Site "online"]
[Date "2020.04.30"]
[Round "3.195"]
[White "Davies, Iris"]
[Black "Skailes, Kit"]
[Result "1-0"]
[WhiteElo "1457"]
[BlackElo "1186"]
[PlyCount "65"]
[EventDate "2020.04.30"]
[WhiteTeam "KJCA Young Kestrels E"]
[BlackTeam "Monmouth Marauders"]

1. e4 d5 2. exd5 Nf6 3. Nc3 Nxd5 4. Bc4 Nxc3 5. bxc3 Nc6 6. Nf3 Bg4 7. h3 Bxf3
8. Qxf3 e6 9. Bb5 Be7 10. Bxc6+ bxc6 11. Qxc6+ Qd7 12. Qxa8+ Bd8 13. Qxa7 O-O
14. O-O Qd6 15. Ba3 c5 16. Bxc5 Qe5 17. Bxf8 Bc7 18. g3 Kxf8 19. Rfe1 Qd6 20.
Qa8+ Ke7 21. Qh8 Bb6 22. d4 Qc6 23. Qxh7 Qxc3 24. Qxg7 Bxd4 25. Qg5+ f6 26.
Qg7+ Kd6 27. Qf8+ Kd5 28. Qd8+ Kc6 29. Qc8+ Kb5 30. Rab1+ Ka4 31. Qa8+ Qa5 32.
Qxa5+ Kxa5 33. Rxe6 1-0

[Event "Junior Online 4NCL Division 5"]
[Site "online"]
[Date "2020.04.30"]
[Round "3.197"]
[White "Allen, George"]
[Black "Skailes, Robin"]
[Result "0-1"]
[WhiteElo "1382"]
[BlackElo "1100"]
[PlyCount "82"]
[EventDate "2020.04.30"]
[WhiteTeam "KJCA Young Kestrels E"]
[BlackTeam "Monmouth Marauders"]

1. b4 e5 2. Bb2 Qf6 3. a3 c5 4. b5 d5 5. e3 g6 6. Nf3 Bd6 7. d4 e4 8. Ne5 cxd4
9. Bxd4 Bxe5 10. c4 dxc4 11. Bxc4 Ne7 12. Qd2 Nf5 13. Ra2 Bxd4 14. exd4 Nxd4
15. O-O Nd7 16. Re1 Nc5 17. Qc3 O-O 18. Re3 Rd8 19. Rd2 Na4 20. Qb4 Nb6 21.
Rxe4 a5 22. Qb2 Nxc4 23. Qxd4 Rxd4 24. Rdxd4 Nd6 25. Rf4 Qe5 26. Nd2 Qe1+ 27.
Nf1 Qe5 28. h3 Bf5 29. Ng3 Qe1+ 30. Kh2 Nxb5 31. Ra4 Nc3 32. Rac4 Ne2 33. Nxe2
Qxe2 34. Rc7 Qe5 35. g3 Qxc7 36. Ra4 Bc2 37. Rd4 Qc5 38. Rd2 Re8 39. Kg2 Re1
40. Kh2 Be4 41. f3 Qg1# 0-1

[Event "Junior Online 4NCL Division 5"]
[Site "online"]
[Date "2020.04.30"]
[Round "3.198"]
[White "Swartz, Edward RG"]
[Black "Oprea, Lucas"]
[Result "1-0"]
[WhiteElo "1013"]
[BlackElo "1262"]
[PlyCount "93"]
[EventDate "2020.04.30"]
[WhiteTeam "Monmouth Marauders"]
[BlackTeam "KJCA Young Kestrels E"]

1. d4 d5 2. c4 e6 3. Nc3 Bb4 4. Bd2 Bxc3 5. Bxc3 dxc4 6. e4 f6 7. Bxc4 e5 8.
dxe5 Qxd1+ 9. Rxd1 fxe5 10. Bxe5 Bg4 11. f4 Bxd1 12. Bxg7 Ne7 13. Bxh8 Ba4 14.
Be5 Nec6 15. b3 Nxe5 16. fxe5 Bc6 17. Bd5 Bxd5 18. exd5 Ke7 19. Nf3 c6 20. d6+
Kd7 21. Ng5 h6 22. Nf7 Ke6 23. Nxh6 Kxe5 24. Nf7+ Ke6 25. Nd8+ Kd7 26. Nxb7 Na6
27. Rf1 Re8+ 28. Kd2 Rb8 29. Na5 Rb6 30. Nc4 Rb5 31. Ne3 Kxd6 32. h4 Nb4 33. a4
Ra5 34. Nc4+ Kd5 35. Nxa5 Na6 36. h5 c5 37. h6 Nc7 38. h7 Ne8 39. h8=Q Nd6 40.
Qh5+ Ke4 41. Qf3+ Ke5 42. Nc4+ Ke6 43. Qf6+ Kd7 44. Qxd6+ Ke8 45. Ne5 a5 46.
Nc6 c4 47. Qe7# 1-0

[Event "Junior Online 4NCL Division 5"]
[Site "online"]
[Date "2020.04.30"]
[Round "3.201"]
[White "Bhargava, Arnav"]
[Black "Knight, Michael D"]
[Result "0-1"]
[WhiteElo "737"]
[BlackElo "1210"]
[PlyCount "70"]
[EventDate "2020.04.30"]
[WhiteTeam "Uxbridge Juniors C"]
[BlackTeam "Uxbridge Juniors Jamma"]

1. e4 e6 2. Nc3 d5 3. exd5 exd5 4. Qe2+ Be7 5. Nxd5 Qxd5 6. c4 Qd4 7. Nf3 Qd8
8. Qd3 Qxd3 9. Bxd3 Nf6 10. O-O O-O 11. b3 Nc6 12. Be4 Nxe4 13. Bb2 Bf6 14.
Bxf6 Nxf6 15. b4 Nxb4 16. Rab1 Nxa2 17. Rb2 Nc3 18. dxc3 Be6 19. Rb4 Ne4 20.
Re1 Nxc3 21. Ng5 a5 22. Rb3 Na4 23. Nxe6 fxe6 24. Rxe6 Nc5 25. Ree3 Nxb3 26.
Rxb3 b6 27. c5 Rfe8 28. h3 bxc5 29. Rb5 a4 30. Rxc5 a3 31. Rxc7 a2 32. Rc1 Re2
33. Kf1 Rc2 34. Re1 a1=Q 35. Rxa1 Rxa1# 0-1

[Event "Junior Online 4NCL Division 5"]
[Site "online"]
[Date "2020.04.30"]
[Round "3.202"]
[White "Dhir, Jai Alexander"]
[Black "Chopra, Nipun"]
[Result "1-0"]
[WhiteElo "1037"]
[BlackElo "775"]
[PlyCount "45"]
[EventDate "2020.04.30"]
[WhiteTeam "Uxbridge Juniors Jamma"]
[BlackTeam "Uxbridge Juniors C"]

1. e4 Nc6 2. d4 e5 3. d5 Nb4 4. Bd2 c6 5. c3 Na6 6. c4 cxd5 7. cxd5 Qh4 8. Nc3
Nb4 9. a3 Na6 10. Bxa6 bxa6 11. Nf3 Qe7 12. O-O Bb7 13. Na4 O-O-O 14. Bb4 d6
15. Rc1+ Kd7 16. Qc2 Rc8 17. Qe2 Rxc1 18. Rxc1 a5 19. Qc2 Nf6 20. Bxa5 g6 21.
Qc7+ Ke8 22. Qb8+ Kd7 23. Rc7# 1-0

[Event "Junior Online 4NCL Division 5"]
[Site "online"]
[Date "2020.04.30"]
[Round "3.203"]
[White "Machutadze, Nicolas"]
[Black "Aurangabadkar, Anish R"]
[Result "1/2-1/2"]
[WhiteElo "737"]
[BlackElo "1075"]
[PlyCount "93"]
[EventDate "2020.04.30"]
[WhiteTeam "Uxbridge Juniors C"]
[BlackTeam "Uxbridge Juniors Jamma"]

1. e4 e5 2. Nf3 Nf6 3. Bc4 Nxe4 4. d3 Nc5 5. Nxe5 f6 6. Nf7 Qe7+ 7. Be3 Rg8 8.
O-O a6 9. Qh5 h6 10. Bxc5 d6 11. Nxh6+ g6 12. Nxg8 gxh5 13. Nxe7 Kxe7 14. Be3
Nc6 15. Nc3 Bg4 16. Rae1 b5 17. Bh6+ Kd7 18. Bxf8 Rxf8 19. Bd5 Nb4 20. f3 Bf5
21. Rd1 Nxc2 22. Rd2 Ne3 23. Re1 Re8 24. Be4 Bxe4 25. dxe4 Nc4 26. Nd5 Re6 27.
Rc2 c6 28. Nf4 Re5 29. Nd3 Re7 30. Nf4 Re5 31. Ng6 Rg5 32. Nf4 Re5 33. Nh3 d5
34. f4 Rxe4 35. Rxe4 dxe4 36. Nf2 e3 37. Ne4 Ke6 38. Rxc4 bxc4 39. Kf1 Kf5 40.
Nc3 Kxf4 41. Ke2 f5 42. g3+ Kg4 43. Kxe3 Kh3 44. Kf4 Kxh2 45. Kxf5 Kxg3 46. Kg5
h4 47. Ne4+ 1/2-1/2

[Event "Junior Online 4NCL Division 5"]
[Site "online"]
[Date "2020.04.30"]
[Round "3.204"]
[White "Shotton, Alex"]
[Black "Emanuel, Jason"]
[Result "1-0"]
[WhiteElo "1067"]
[BlackElo "737"]
[PlyCount "97"]
[EventDate "2020.04.30"]
[WhiteTeam "Uxbridge Juniors Jamma"]
[BlackTeam "Uxbridge Juniors C"]

1. e4 d6 2. Qf3 Nc6 3. Bc4 Ne5 4. Qc3 Nf6 5. f4 Nxe4 6. fxe5 Nxc3 7. Nxc3 dxe5
8. Nf3 e6 9. Nxe5 Qh4+ 10. g3 Qh5 11. d4 f6 12. g4 Qh4+ 13. Ke2 fxe5 14. dxe5
Qxg4+ 15. Kd3 Qg6+ 16. Kd4 Qxc2 17. Rg1 Bb4 18. a3 Bxc3+ 19. bxc3 Qxh2 20. Rxg7
Qh4+ 21. Kd3 Qh3+ 22. Kd4 Qh4+ 23. Kd3 Rf8 24. Rxc7 Rf3+ 25. Ke2 Rxc3 26. Bd2
Rc2 27. Bb5+ Kd8 28. Rxc2 Qe4+ 29. Kd1 Qxe5 30. Bc4 Qxa1+ 31. Ke2 Qxa3 32. Bg5+
Kc7 33. Bf4+ Kd7 34. Bb5+ Ke7 35. Bg5+ Kf7 36. Rc7+ Kf8 37. Bh6+ Kg8 38. Rg7+
Kf8 39. Rg3+ Kf7 40. Rxa3 a6 41. Rf3+ Kg8 42. Rg3+ Kh8 43. Bg7+ Kg8 44. Bh6+
Kf7 45. Rf3+ Ke7 46. Bg5+ Kd6 47. Rd3+ Kc5 48. Be8 b5 49. Rd8 1-0

[Event "Junior Online 4NCL Division 5"]
[Site "online"]
[Date "2020.04.30"]
[Round "3.205"]
[White "Knight, Michael D"]
[Black "Bhargava, Arnav"]
[Result "1-0"]
[WhiteElo "1210"]
[BlackElo "737"]
[PlyCount "33"]
[EventDate "2020.04.30"]
[WhiteTeam "Uxbridge Juniors Jamma"]
[BlackTeam "Uxbridge Juniors C"]

1. e4 e6 2. Nf3 d5 3. d4 Nf6 4. e5 Ne4 5. Bd3 Nd6 6. exd6 Bxd6 7. O-O O-O 8.
Nc3 Qf6 9. Bg5 Qxf3 10. Qxf3 f6 11. Bf4 e5 12. dxe5 fxe5 13. Rfe1 exf4 14. Nb5
Bg4 15. Qxd5+ Kh8 16. Qe4 Bd7 17. Qxh7# 1-0

[Event "Junior Online 4NCL Division 5"]
[Site "online"]
[Date "2020.04.30"]
[Round "3.206"]
[White "Chopra, Nipun"]
[Black "Dhir, Jai Alexander"]
[Result "0-1"]
[WhiteElo "775"]
[BlackElo "1037"]
[PlyCount "86"]
[EventDate "2020.04.30"]
[WhiteTeam "Uxbridge Juniors C"]
[BlackTeam "Uxbridge Juniors Jamma"]

1. e4 e6 2. Nf3 d5 3. exd5 exd5 4. Qe2+ Be7 5. Nc3 Nf6 6. b3 O-O 7. g3 Re8 8.
Ng5 Bb4 9. Qxe8+ Qxe8+ 10. Be2 Bxc3 11. dxc3 Bg4 12. f3 Qe5 13. fxg4 Qxc3+ 14.
Kf2 Qxa1 15. Bb5 Qd4+ 16. Ke2 Nc6 17. Bxc6 bxc6 18. Nf3 Re8+ 19. Be3 Qxe3+ 20.
Kd1 Qxf3+ 21. Kd2 Qxh1 22. h4 Nxg4 23. Kc3 Re4 24. b4 Qf3+ 25. Kb2 Qxg3 26. c3
Qxh4 27. Kb3 Qh1 28. c4 Rxc4 29. Ka4 Qb1 30. a3 a5 31. Kxa5 Qb3 32. Ka6 c5 33.
b5 Qxa3+ 34. Kb7 Qb4 35. Ka6 Qa4+ 36. Kb7 Qxb5+ 37. Kxc7 d4 38. Kd6 Qb6+ 39.
Kd5 Ne3+ 40. Ke4 Qe6+ 41. Kd3 Ng4 42. Kd2 Qe3+ 43. Kd1 Rc1# 0-1

[Event "Junior Online 4NCL Division 5"]
[Site "online"]
[Date "2020.04.30"]
[Round "3.207"]
[White "Aurangabadkar, Anish R"]
[Black "Machutadze, Nicolas"]
[Result "0-1"]
[WhiteElo "1075"]
[BlackElo "737"]
[PlyCount "36"]
[EventDate "2020.04.30"]
[WhiteTeam "Uxbridge Juniors Jamma"]
[BlackTeam "Uxbridge Juniors C"]

1. e4 e5 2. f3 Nc6 3. Nc3 Nf6 4. Nh3 Bc5 5. Bc4 d6 6. b3 O-O 7. f4 exf4 8. Nxf4
Bd4 9. Bb2 Bg4 10. Qc1 Na5 11. h3 Nxc4 12. bxc4 Bd7 13. d3 Rb8 14. Nfd5 Nxd5
15. cxd5 Qh4+ 16. Kd1 Bg4+ 17. Kd2 Qf2+ 18. Ne2 Qxe2# 0-1

[Event "Junior Online 4NCL Division 5"]
[Site "online"]
[Date "2020.04.30"]
[Round "3.208"]
[White "Emanuel, Jason"]
[Black "Shotton, Alex"]
[Result "1-0"]
[WhiteElo "737"]
[BlackElo "1067"]
[PlyCount "97"]
[EventDate "2020.04.30"]
[WhiteTeam "Uxbridge Juniors C"]
[BlackTeam "Uxbridge Juniors Jamma"]

1. f4 d6 2. e4 e5 3. g4 exf4 4. Nh3 g5 5. Nxg5 Qxg5 6. c4 Bxg4 7. Qc2 f3 8. h3
Bh5 9. h4 Qf4 10. d3 Qg3+ 11. Kd2 f2 12. Rh3 Qf4+ 13. Kc3 Qg4 14. Rh2 Qg1 15.
Rg2 Bg7+ 16. Kd2 Qxf1 17. Rxg7 Qg2 18. Qa4+ c6 19. Rxg2 b5 20. Qc2 Na6 21. Rxf2
Nb4 22. Qc3 f6 23. Qxb4 c5 24. Qxb5+ Kd8 25. Qa5+ Kc8 26. Qa6+ Kc7 27. Nc3 Nh6
28. Nd5+ Kd8 29. Qxd6+ Ke8 30. Qxf6 Ng4 31. Qxh8+ Kd7 32. Rg2 Rxh8 33. e5 Ke6
34. Nc7+ Kxe5 35. Re2+ Kd6 36. Nb5+ Kc6 37. Nxa7+ Kb6 38. Nb5 Rf8 39. Kc3 Rf6
40. Bg5 Rg6 41. Bd8+ Kc6 42. Na7+ Kb7 43. Nb5 Kc8 44. Ba5 Kb7 45. Re7+ Ka6 46.
Bd8 Nf2 47. Rf1 Rf6 48. Rxh7 Bg6 49. Ra7# 1-0

[Event "Junior Online 4NCL Division 5"]
[Site "online"]
[Date "2020.04.30"]
[Round "3.211"]
[White "Murthy, Rishab"]
[Black "Evans, Ruben"]
[Result "0-1"]
[WhiteElo "1150"]
[BlackElo "1727"]
[PlyCount "62"]
[EventDate "2020.04.30"]
[WhiteTeam "Hallfield School C"]
[BlackTeam "Blackburn's Rovers"]

1. d4 d5 2. Nc3 Nf6 3. Bf4 c6 4. Nf3 Bf5 5. Ne5 Nbd7 6. Nxd7 Qxd7 7. e3 e6 8.
b4 Bxb4 9. Qd2 Ne4 10. Qd1 Bxc3+ 11. Ke2 Bxa1 12. Qxa1 O-O 13. f3 Nf6 14. Qc1
Nh5 15. Be5 f6 16. Bf4 Nxf4+ 17. exf4 Rae8 18. g4 Bg6 19. h4 f5 20. h5 Bf7 21.
g5 g6 22. hxg6 Bxg6 23. Ke1 Qg7 24. Qd2 Qe7 25. Be2 Qa3 26. c3 c5 27. Bb5 Rc8
28. Bd3 cxd4 29. cxd4 Qc1+ 30. Qd1 Qe3+ 31. Qe2 Rc1# 0-1

[Event "Junior Online 4NCL Division 5"]
[Site "online"]
[Date "2020.04.30"]
[Round "3.213"]
[White "Gandhi, Preesh"]
[Black "Stanley, Isaac"]
[Result "0-1"]
[WhiteElo "947"]
[BlackElo "1165"]
[PlyCount "144"]
[EventDate "2020.04.30"]
[WhiteTeam "Hallfield School C"]
[BlackTeam "Blackburn's Rovers"]

1. e4 e6 2. d4 d5 3. e5 c5 4. Nf3 Nc6 5. Nc3 f6 6. exf6 Nxf6 7. dxc5 Bxc5 8. h3
O-O 9. Qd3 Nb4 10. Qd1 Qb6 11. Be3 d4 12. Bxd4 Bxd4 13. Nxd4 Rd8 14. Ncb5 a6
15. Nc7 Qxc7 16. c3 Nc6 17. Qb3 Nxd4 18. cxd4 Rxd4 19. Bd3 Qa5+ 20. Kd1 Qd5 21.
Qxd5 Nxd5 22. Kd2 Nb4 23. Kc3 Rxd3+ 24. Kxb4 a5+ 25. Kc4 Rd2 26. Rhe1 Rxf2 27.
g4 Rxb2 28. Rf1 Bd7 29. Rad1 b5+ 30. Kc5 Rc8+ 31. Kd6 Rd8 32. Ke7 Re8+ 33. Kxd7
Rf8 34. Rfe1 Rxa2 35. Rxe6 h6 36. Rdd6 Rf7+ 37. Ke8 Rf8+ 38. Kd7 b4 39. Kc6 b3
40. Re1 b2 41. Rb1 Rf2 42. Rd8+ Kh7 43. Rb8 a4 44. h4 a3 45. Rb3 Ra1 46. Rxa1
bxa1=Q 47. Rb5 Qf6+ 48. Kc5 Qe5+ 49. Kb6 Qxb5+ 50. Kxb5 a2 51. Kb4 a1=Q 52. Kb3
Qb2+ 53. Kc4 Rf3 54. Kd5 Qb4 55. Ke5 Qxg4 56. Kd5 Rf5+ 57. Kc6 Qg6+ 58. Kd7 Rf6
59. Ke7 Qf7+ 60. Kd8 Rd6+ 61. Kc8 Qd7+ 62. Kb8 Rb6+ 63. Ka8 Qa7+ 64. Kxa7 Rb1
65. Ka6 Kg8 66. Ka5 Kf7 67. Ka4 Ke6 68. Ka3 Kd5 69. Ka2 Rb8 70. Ka3 Kc4 71. Ka2
Kc3 72. Ka3 Ra8# 0-1

[Event "Junior Online 4NCL Division 5"]
[Site "online"]
[Date "2020.04.30"]
[Round "3.214"]
[White "Evans, Dylan"]
[Black "Patel, Diah Dipal"]
[Result "0-1"]
[WhiteElo "1067"]
[BlackElo "707"]
[PlyCount "74"]
[EventDate "2020.04.30"]
[WhiteTeam "Blackburn's Rovers"]
[BlackTeam "Hallfield School C"]

1. d4 d5 2. c4 dxc4 3. Nc3 Nf6 4. e3 Nc6 5. Bxc4 Bg4 6. f3 Bd7 7. Nge2 e6 8.
O-O Bd6 9. e4 Nh5 10. g4 Qh4 11. e5 Nxe5 12. dxe5 Bxe5 13. f4 Qxg4+ 14. Kf2
Qh4+ 15. Ke3 Qh3+ 16. Rf3 Qf5 17. fxe5 Qxe5+ 18. Ne4 Bc6 19. Qd4 Qxh2 20. Bd2
Rd8 21. Qc3 f5 22. Bxe6 Bxe4 23. Rff1 f4+ 24. Kxe4 Qxe2+ 25. Be3 Nf6+ 26. Kxf4
Rd6 27. Qe1 Qh2+ 28. Kf3 Rxe6 29. Rh1 Qe5 30. Qe2 Qe4+ 31. Kf2 Ng4+ 32. Kg3 Rf8
33. Qxg4 Qxe3+ 34. Kh2 Re4 35. Qh5+ Kd8 36. Qb5 Qf2+ 37. Kh3 Rf3# 0-1

[Event "Junior Online 4NCL Division 5"]
[Site "online"]
[Date "2020.04.30"]
[Round "3.215"]
[White "Evans, Ruben"]
[Black "Murthy, Rishab"]
[Result "1-0"]
[WhiteElo "1727"]
[BlackElo "1150"]
[PlyCount "83"]
[EventDate "2020.04.30"]
[WhiteTeam "Blackburn's Rovers"]
[BlackTeam "Hallfield School C"]

1. d4 d5 2. c4 dxc4 3. Nc3 Nc6 4. e3 Bf5 5. Bxc4 Nb4 6. Qa4+ Nc6 7. d5 a6 8.
dxc6 b5 9. Bxf7+ Kxf7 10. Qf4 g6 11. g4 b4 12. Nce2 Qd5 13. f3 e5 14. Qg3 Bc2
15. Bd2 Rd8 16. Bc1 Qd1+ 17. Kf2 Bd6 18. Qh4 Be7 19. g5 h6 20. Qc4+ Kf8 21. b3
Bd3 22. Qg4 Bxe2 23. Nxe2 Qxh1 24. Qg3 Bxg5 25. Bb2 Qxa1 26. Bxa1 h5 27. Qxe5
Bh4+ 28. Kg2 Rd2 29. Qf4+ Bf6 30. Qxb4+ Rd6 31. Bxf6 Nxf6 32. e4 Nd7 33. cxd7
Kg8 34. Qc4+ Kf8 35. Qxc7 Rh7 36. d8=Q+ Rxd8 37. Qxd8+ Kg7 38. Nf4 Kh6 39. Qf8+
Rg7 40. Qh8+ Rh7 41. Qf6 Rc7 42. Qxg6# 1-0

[Event "Junior Online 4NCL Division 5"]
[Site "online"]
[Date "2020.04.30"]
[Round "3.216"]
[White "Khashu, Rohan"]
[Black "Cooper, Dylan E"]
[Result "0-1"]
[WhiteElo "1097"]
[BlackElo "1277"]
[PlyCount "62"]
[EventDate "2020.04.30"]
[WhiteTeam "Hallfield School C"]
[BlackTeam "Blackburn's Rovers"]

1. e4 c5 2. Nf3 d6 3. Nc3 Nc6 4. Bb5 g6 5. Bxc6+ bxc6 6. d4 cxd4 7. Nxd4 Bd7 8.
Bd2 Bg7 9. a4 Bxd4 10. Ne2 Bxb2 11. Ra2 Bg7 12. c3 Nf6 13. Bg5 Nxe4 14. Be3 O-O
15. Qd3 Bf5 16. Rg1 Nxf2 17. Qd2 Nd3+ 18. Kf1 Rb8 19. g4 Rb1+ 20. Kg2 Rxg1+ 21.
Kxg1 Be4 22. Ng3 Bd5 23. Ra1 Ne5 24. Qc1 Nxg4 25. Bxa7 Qa5 26. Bd4 Bxd4+ 27.
cxd4 Rb8 28. Qg5 Qc3 29. Rc1 Qf3 30. Rc2 Rb1+ 31. Nf1 Qh1# 0-1

[Event "Junior Online 4NCL Division 5"]
[Site "online"]
[Date "2020.04.30"]
[Round "3.217"]
[White "Stanley, Isaac"]
[Black "Gandhi, Preesh"]
[Result "1-0"]
[WhiteElo "1165"]
[BlackElo "947"]
[PlyCount "75"]
[EventDate "2020.04.30"]
[WhiteTeam "Blackburn's Rovers"]
[BlackTeam "Hallfield School C"]

1. d4 d5 2. c4 dxc4 3. Nc3 b5 4. e4 Nf6 5. g3 e6 6. Bg2 Bb4 7. Bd2 Bxc3 8. bxc3
O-O 9. e5 Nfd7 10. Bxa8 Nb6 11. Bg2 b4 12. cxb4 Qxd4 13. Be3 Qxd1+ 14. Rxd1 Na4
15. Nf3 Nb2 16. Rd2 Nd3+ 17. Kf1 c3 18. Rxd3 c2 19. Rc3 c1=Q+ 20. Rxc1 Bb7 21.
Rxc7 Bxf3 22. Bxf3 Re8 23. Bc6 Nxc6 24. Rxc6 Rd8 25. Bxa7 Rd1+ 26. Kg2 h6 27.
Rc8+ Kh7 28. Rxd1 g6 29. Rd7 Kg7 30. Rcc7 Kh7 31. Rxf7+ Kg8 32. h4 Kh8 33. Rh7+
Kg8 34. Rcg7+ Kf8 35. b5 Ke8 36. b6 Kd8 37. b7 Ke8 38. b8=Q# 1-0

[Event "Junior Online 4NCL Division 5"]
[Site "online"]
[Date "2020.04.30"]
[Round "3.218"]
[White "Patel, Diah Dipal"]
[Black "Evans, Dylan"]
[Result "1-0"]
[WhiteElo "707"]
[BlackElo "1067"]
[PlyCount "39"]
[EventDate "2020.04.30"]
[WhiteTeam "Hallfield School C"]
[BlackTeam "Blackburn's Rovers"]

1. e4 c6 2. Nf3 d5 3. exd5 cxd5 4. Bb5+ Bd7 5. Bd3 Nf6 6. O-O Nc6 7. Nc3 Qb6 8.
Bb5 Qa6 9. Bxa6 bxa6 10. d3 d4 11. Na4 Nb4 12. Qe1 Nxc2 13. Qd2 Nxa1 14. Ne5
Bxa4 15. b3 Bxb3 16. axb3 Nxb3 17. Qb4 Nxc1 18. Rxc1 e6 19. Qb7 Rd8 20. Qxf7#
1-0

[Event "Junior Online 4NCL Division 5"]
[Site "online"]
[Date "2020.04.30"]
[Round "3.221"]
[White "Bhasin, Aadit"]
[Black "Rathkey, Nia"]
[Result "1/2-1/2"]
[WhiteElo "1255"]
[BlackElo "963"]
[PlyCount "70"]
[EventDate "2020.04.30"]
[WhiteTeam "Dulwich College Junior B"]
[BlackTeam "Entangled States"]

1. e4 e5 2. Nf3 Nc6 3. Bc4 Bc5 4. O-O d6 5. c3 Bg4 6. h3 Bxf3 7. Qxf3 Qe7 8. b4
Bb6 9. d3 O-O-O 10. Be3 Bxe3 11. Qxe3 Kb8 12. b5 Na5 13. Bb3 Qd7 14. c4 f5 15.
exf5 Qxf5 16. Nc3 Nf6 17. Bc2 Nxc4 18. dxc4 Qxc2 19. Rfc1 Qf5 20. a4 Nd7 21.
Nd5 g5 22. Ne7 Qf7 23. Nc6+ bxc6 24. bxc6 Nc5 25. Rcb1+ Kc8 26. Qd2 Qxc4 27.
Qa5 Qa6 28. Qb4 Qxc6 29. Qb8+ Kd7 30. Qxa7 Ke8 31. Rc1 Rg8 32. Rcb1 Ke7 33. Rc1
Ke8 34. Rcb1 Ke7 35. Rc1 Ke8 1/2-1/2

[Event "Junior Online 4NCL Division 5"]
[Site "online"]
[Date "2020.04.30"]
[Round "3.222"]
[White "Wynn, Lewis"]
[Black "Sharma, Ayush"]
[Result "0-1"]
[WhiteElo "966"]
[BlackElo "1180"]
[PlyCount "80"]
[EventDate "2020.04.30"]
[WhiteTeam "Entangled States"]
[BlackTeam "Dulwich College Junior B"]

1. d4 d5 2. Nc3 Nf6 3. Nf3 Nc6 4. Bf4 Nxd4 5. Nxd4 e6 6. Bg5 Be7 7. e4 dxe4 8.
Bxf6 Bxf6 9. Nxe6 Bxe6 10. Qxd8+ Rxd8 11. Nxe4 Bxb2 12. Rb1 Rd4 13. Nc5 Bc3+
14. Ke2 Bg4+ 15. f3 Bf5 16. Ke3 O-O 17. Rb5 Re8+ 18. Ne4 Bxe4 19. fxe4 Rexe4+
20. Kf3 Re1 21. Rb3 Bd2 22. Rd3 Rxd3+ 23. cxd3 Kf8 24. Kf2 b5 25. g4 a5 26. Rg1
b4 27. d4 a4 28. Bb5 b3 29. Rxe1 Bxe1+ 30. Kxe1 bxa2 31. Ke2 a1=Q 32. Ke3 a3
33. Bc4 Qc1+ 34. Ke4 Qxc4 35. h3 a2 36. g5 a1=Q 37. h4 Qaxd4+ 38. Kf3 Qcc3+ 39.
Ke2 Qdd2+ 40. Kf1 Qcc1# 0-1